Statistics for Former "Country" Flags #1-Morocco

Click here to take the quiz!

General Stats

  • This quiz has been taken 26 times
  • The average score is 4 of 7

Answer Stats

Answer% Correct
Almohad Caliphate
92%
Almoravid Dynasty
83%
Idrisid Dynasty
58%
Rif Republic
58%
'Alawi Sultanate
50%
Marinid, Saadian, & Wattasid Dynasties
50%
Republic of Salé
50%

Score Distribution

Percentile by Number Answered

Percent of People with Each Score

Your Score History

You have not taken this quiz